الائمة الاربعة : ابو حنيفة، مالك بن انس، الشافعى، احمد بن حنبل

Bibliographic Details
Main Author: شكعة، مصطفى (Author)
Format: Book
Published: Qahirah : Bayrut : Dar al-Kitab al-Misri Dar al-Lubnani , 1983
Subjects:

MARC

LEADER 00000cam a2200000 7i4500
001 0000000661
005 20240114093000.0
008 021118s1983
050 0 0 |a KBP253   |b .S53 1983 
090 0 0 |a KBP253   |b .S53 1983 
100 1 |a شكعة، مصطفى ,   |e author 
241 1 3 |a al-Aimmah al-arba`ah: Abu Hanifah, Malik bin Anas, al-Shafi`i, Ahmad bin Hanbal 
245 1 2 |a الائمة الاربعة :   |b ابو حنيفة، مالك بن انس، الشافعى، احمد بن حنبل   |c مصطفى الشكعة 
260 2 |a Qahirah :   |b Dar al-Kitab al-Misri   |a Bayrut :   |b Dar al-Lubnani ,   |c 1983 
300 |a 4 v. in 1. ;   |c 25 cm. 
504 |a Includes index 
600 0 0 |a Ibn Hanbal, Ahmad ibn Muhammad ,   |d 780-855 
600 0 0 |a Abu Hanifah ,   |d d. 767 or 8 
600 0 0 |a Shafi'i, Muhammad ibn Idris ,   |d 767 or 768-820 
650 0 |a Shafiites 
650 0 |a Malikites 
650 0 |a Hanbalites 
650 0 |a Hanafites 
650 0 |a Islamic law   |v Biography 
650 0 |a Muslim scholars   |v Biography 
999 |a 1000016435   |b Book   |c OPEN SHELF (30 DAYS)   |e Gong Badak Campus 
999 |a 1000016436   |b Book   |c OPEN SHELF (30 DAYS)   |e Gong Badak Campus 
999 |a 1000016437   |b Book   |c OPEN SHELF (30 DAYS)   |e Gong Badak Campus 
999 |a 1000028164   |b Book   |c OPEN SHELF (30 DAYS)   |e Gong Badak Campus 
999 |a 1000028165   |b Book   |c OPEN SHELF (30 DAYS)   |e Gong Badak Campus